Cumulative Record: (Record no. 1636)
[ view plain ]
| 000 -LEADER | |
|---|---|
| Fixed length control field | 00488nam a2200193Ia 4500 |
| 003 - CONTROL NUMBER IDENTIFIER | |
| Control field | IIN |
| 005 - DATE AND TIME OF LATEST TRANSACTION | |
| Control field | 20240125122207.0 |
| 008 - FIXED-LENGTH DATA ELEMENTS--GENERAL INFORMATION | |
| Fixed length control field | 231217s9999 xx 000 0 und d |
| 020 ## - INTERNATIONAL STANDARD BOOK NUMBER / ISBN | |
| International Standard Book Number | 9788190560542 |
| 040 ## - CATALOGING SOURCE | |
| Original cataloging agency | IIN |
| Language of cataloging | English |
| 082 ## - DEWEY DECIMAL CLASSIFICATION NUMBER | |
| Classification number | 610.73 |
| Book Number | SIN |
| 100 1# - MAIN ENTRY--PERSONAL NAME | |
| Personal name | Singarayan, Vasantha |
| 245 1# - TITLE STATEMENT | |
| Title | Cumulative Record: |
| Sub title | for B.Sc Nursing |
| Statement of responsibility | Vasantha Singarayan |
| 250 ## - EDITION STATEMENT | |
| Edition statement | 4th ed |
| 260 ## - IMPRINT | |
| Name of publisher | EMMESS |
| Place of publication | Bangalore |
| Date of publication | 2013 |
| 300 ## - PHYSICAL DESCRIPTION | |
| Page / Vol. No | ii, 67p. |
| 650 1# - SUBJECT ADDED ENTRY--TOPICAL TERM | |
| Topical term | Record Book |
| 942 ## - ADDED ENTRY ELEMENTS (KOHA) | |
| Koha item type | Books |
| Withdrawn status | Lost status | Source of classification | Damaged status | Not for loan | Collection code | Home library | Current library | Date acquired | Total Checkouts | Call number | Accession number | Date last seen | Price effective from | Koha item type |
|---|---|---|---|---|---|---|---|---|---|---|---|---|---|---|
| Dewey Decimal Classification | IDEAL INSTITUTE OF NURSING | IDEAL INSTITUTE OF NURSING | 17/12/2023 | 610.73 SIN | D10 | 17/12/2023 | 17/12/2023 | Books |
